|
|
|
|
| LEADER |
00923nam a22002532a 4500 |
| 001 |
000958938 |
| 003 |
CZ BrMZK |
| 005 |
20091206163610.0 |
| 007 |
ta |
| 008 |
090731s1875 au er|||||||||||ger d |
| 040 |
|
|
|a BOA001
|b cze
|
| 041 |
1 |
|
|a ger
|h fre
|
| 100 |
1 |
|
|a Meilhac, Henri,
|d 1831-1897
|7 jn19990005575
|4 aut
|
| 245 |
1 |
0 |
|a Carmen :
|b Oper in 4 Acten /
|c nach einer Novelle des Prosper Merimée von Henri Meilhac und Ludovic Halévy ; Musik von Georges Bizet
|
| 260 |
|
|
|a Wien :
|b Kaiserlich-königliche Hof-Operntheaters,
|c 1875
|
| 300 |
|
|
|a 79 s.
|
| 700 |
1 |
|
|a Mérimée, Prosper,
|d 1803-1870
|7 jn19990005676
|4 aut
|
| 700 |
1 |
|
|a Bizet, Georges,
|d 1838-1875
|7 jn19990000822
|4 cmp
|
| 700 |
1 |
|
|a Halévy, Ludovic,
|d 1834-1908
|7 jn19990003087
|4 aut
|
| 910 |
|
|
|a BOA001
|b 1-0558.227
|
| 990 |
|
|
|a BK
|
| 993 |
|
|
|a Y
|
| 991 |
|
|
|b 200907
|
| 996 |
6 |
|
|b 2619465135
|c 1-0558.227
|l MZK
|r Sklad / do 1 hodiny
|n 0
|w 001091474
|u 000010
|a 1
|e BOA001
|j MZK50
|s P
|